400 chinese motifs / (Record no. 352771)

000 -LEADER
fixed length control field 01289 a2200253 4500
003 - CONTROL NUMBER IDENTIFIER
control field OSt
005 - DATE AND TIME OF LATEST TRANSACTION
control field 20180116192346.0
008 - FIXED-LENGTH DATA ELEMENTS--GENERAL INFORMATION
fixed length control field 120531t xxu||||| |||| 00| 0 eng d
020 ## - INTERNATIONAL STANDARD BOOK NUMBER
International Standard Book Number 9781906388638 (paperback)
020 ## - INTERNATIONAL STANDARD BOOK NUMBER
International Standard Book Number 9781906388638 (paperback)
040 ## - CATALOGING SOURCE
Transcribing agency 0
082 04 - DEWEY DECIMAL CLASSIFICATION NUMBER
Classification number 745.40951
100 1# - MAIN ENTRY--PERSONAL NAME
Personal name McCallum, Graham Leslie.
9 (RLIN) 2807
245 10 - TITLE STATEMENT
Title 400 chinese motifs /
Statement of responsibility, etc. Graham Leslie McCallum.
246 ## - VARYING FORM OF TITLE
Title proper/short title Four hundred chinese motifs.
250 ## - EDITION STATEMENT
Edition statement Pap/Cdr ed.
260 ## - PUBLICATION, DISTRIBUTION, ETC.
Place of publication, distribution, etc. London :
Name of publisher, distributor, etc. Batsford,
Date of publication, distribution, etc. 2010.
300 ## - PHYSICAL DESCRIPTION
Extent 400 p. :
Other physical details ill. ;
Dimensions 18 cm.
520 ## - SUMMARY, ETC.
Summary, etc. Pandas, dragons, flowers, lotus leaves, jasmine, and Asian trees: from the simple to the supremely exotic, this handbook provides crafters with 400 Chinese-style hand-drawn motifs to use in every kind of work, from garments to paintings to sculpture in ceramic or wood. In addition to appearing on the page, all the designs are included on the accompanying CD, which gives artisans great flexibility in applying the motifs to their creations.
650 #0 - SUBJECT ADDED ENTRY--TOPICAL TERM
Topical term or geographic name entry element Decoration and ornament
General subdivision Themes, motives.
Geographic subdivision China
9 (RLIN) 2808
856 40 - ELECTRONIC LOCATION AND ACCESS
Materials specified Amazon.com
Uniform Resource Identifier <a href="http://www.amazon.com/exec/obidos/ASIN/1906388636/chopaconline-20">http://www.amazon.com/exec/obidos/ASIN/1906388636/chopaconline-20</a>
942 ## - ADDED ENTRY ELEMENTS (KOHA)
Institution code [OBSOLETE] SADA
Koha item type Book
Call number prefix 745.40951 MCC 2010
Source of classification or shelving scheme
Holdings
Withdrawn status Lost status Source of classification or shelving scheme Damaged status Not for loan Permanent Location Current Location Date acquired Total Checkouts Full call number Barcode Date last seen Date last checked out Copy number Cost, replacement price Price effective from Koha item type Total Renewals
          School of Art Design and Architecture (SADA) School of Art Design and Architecture (SADA) 04/13/2011 1 745.40951 MCC 2010 SADA0000833 04/08/2013 03/27/2013 01 1134.00 08/05/2011 Book  
          School of Art Design and Architecture (SADA) School of Art Design and Architecture (SADA) 04/13/2011 1 745.40951 MCC 2010 SADA0000834 05/17/2016 03/17/2016 02 1134.00 08/05/2011 Book 1
          School of Art Design and Architecture (SADA) School of Art Design and Architecture (SADA) 09/14/2011   CD 745.40951 MCC 2010 SADA0001568 09/15/2011   01   09/15/2011    
          School of Art Design and Architecture (SADA) School of Art Design and Architecture (SADA) 09/14/2011   CD 745.40951 MCC 2010 SADA0001569 01/05/2017   02   01/05/2017    
© 2023 Central Library, National University of Sciences and Technology. All Rights Reserved.